Yüklüyor......

Queering femininity : sexuality, feminism and the politics of presentation /

Detaylı Bibliyografya
Yazar: McCann, Hannah
Materyal Türü: Printed Book
Dil:English
Baskı/Yayın Bilgisi: London : Routledge, 2018
Konular:
LEADER 00615 a2200169 4500
008 200212b ||||| |||| 00| 0 eng d
999 |c 343151  |d 343151 
020 |a 9781138894884 
082 |a 305.42 MCC/Q 
100 |a McCann, Hannah 
245 |a Queering femininity :  |b sexuality, feminism and the politics of presentation /  |c Hannah McCann 
260 |b Routledge,  |c 2018  |a London : 
300 |a 162p. ;  |c 23cm. 
650 |a Queer theory 
650 |a Feminism 
942 |2 ddc  |c BK 
952 |0 0  |1 0  |2 ddc  |4 0  |6 305_420000000000000_MCC_Q  |7 0  |9 393979  |a UL  |b UL  |c ST1  |d 2019-08-29  |g 7741.80  |l 0  |o 305.42 MCC/Q  |p 101311  |r 2019-08-29  |v 10752.50  |y BK